a textbook of plant physiology biochemistry and biotechnology (Record no. 219618)
[ view plain ]
| 000 -LEADER | |
|---|---|
| fixed length control field | nam a22 7a 4500 |
| 003 - CONTROL NUMBER IDENTIFIER | |
| control field | ASAB |
| 005 - DATE AND TIME OF LATEST TRANSACTION | |
| control field | 20170215144417.0 |
| 008 - FIXED-LENGTH DATA ELEMENTS--GENERAL INFORMATION | |
| fixed length control field | 170215b xxu||||| |||| 00| 0 eng d |
| 020 ## - INTERNATIONAL STANDARD BOOK NUMBER | |
| International Standard Book Number | 81-219-0627-x |
| 040 ## - CATALOGING SOURCE | |
| Transcribing agency | ASAB |
| 082 ## - DEWEY DECIMAL CLASSIFICATION NUMBER | |
| Classification number | 571.2 |
| 245 ## - TITLE STATEMENT | |
| Title | a textbook of plant physiology biochemistry and biotechnology |
| Statement of responsibility, etc. | s.k. verma mohit verma |
| 246 ## - VARYING FORM OF TITLE | |
| Title proper/short title | plant physiology |
| 260 ## - PUBLICATION, DISTRIBUTION, ETC. | |
| Place of publication, distribution, etc. | new delhi |
| Name of publisher, distributor, etc. | S. chand and company ltd. |
| Date of publication, distribution, etc. | 1995c |
| 300 ## - PHYSICAL DESCRIPTION | |
| Extent | various pages |
| 942 ## - ADDED ENTRY ELEMENTS (KOHA) | |
| Source of classification or shelving scheme | |
| Koha item type | Book |
| Withdrawn status | Lost status | Source of classification or shelving scheme | Damaged status | Not for loan | Collection code | Permanent Location | Current Location | Date acquired | Total Checkouts | Total Renewals | Full call number | Barcode | Date last seen | Date last checked out | Price effective from | Koha item type |
|---|---|---|---|---|---|---|---|---|---|---|---|---|---|---|---|---|
| Central Library (CL) | Central Library (CL) | 02/15/2017 | 5 | 5 | 571.2 VER | ASAB2270 | 01/23/2023 | 10/07/2022 | 02/15/2017 | Book |
